Statistics for Cities by Tallest Skysraper

Click here to take the quiz!

General Stats

  • This quiz has been taken 53 times
  • The average score is 6 of 15

Answer Stats

Skyscraper Height Answer % Correct
Burj Khalifa828Dubai
93%
Eiffel Tower324Paris
84%
Willis Tower442Chicago
80%
CN Tower457Toronto
77%
New 1WTC541New York
75%
The Shard310London
68%
Hancock Place241Boston
45%
U.S. Steel Tower256Pittsburgh
45%
Park Inn150Berlin
43%
Edificio Banco Continental132Lima
11%
Chase Tower148Phoenix
7%
La Muratella150Rome
7%
Company Business Towers Torre A189Sao Paulo
5%
Toranoman Hills256Tokyo
5%
> Plaza117Oslo
0%

Score Distribution

Percentile by Number Answered

Percent of People with Each Score

Your Score History

You have not taken this quiz